Pokémon que empiezan por la letra I - Estadísticas

Estadísticas generales
  • Esta prueba ha sido intentada 21 veces
  • La puntuación promedio es 6 de 9
Estadísticas de respuestas
Gen. Tipo Nombre % Correcto
I Normal/Hada Igglybuff
87%
IV Fuego/Lucha Infernape
87%
I Planta/Veneno Ivysaur
87%
VII Fuego/Siniestro Incineroar
73%
III Bicho Illumise
67%
VIII Siniestro/Hada Impidimp
60%
VIII Psíquico/Normal Indeedee
60%
VI Siniestro/Psíquico Inkay
60%
VIII Agua Inteleon
53%
No se encontraron pruebas coincidentes
Distribución de puntuación
Porcentaje de gente con cada puntuación
Porcentaje por número respondido
Historial de tus puntuaciones
No has intentado esta prueba.